Jacques Pépin´s table :. (Registro nro. 42535)
[ vista simple ]
| 000 -CABECERA | |
|---|---|
| campo de control de longitud fija | 00274nam a2200109 a 4500 |
| 005 - FECHA Y HORA DE LA ÚLTIMA TRANSACCIÓN | |
| campo de control | 20201002040610.0 |
| 008 - DATOS DE LONGITUD FIJA--INFORMACIÓN GENERAL | |
| campo de control de longitud fija | 140218s1995 000 spa d |
| 020 ## - NÚMERO INTERNACIONAL ESTÁNDAR DEL LIBRO | |
| Número Internacional Estándar del Libro | 0912333197 |
| 040 ## - FUENTE DE LA CATALOGACIÓN | |
| Centro catalogador/agencia de origen | DO-SdBNP |
| 245 #0 - MENCIÓN DE TÍTULO | |
| Título | Jacques Pépin´s table :. |
| 260 ## - PUBLICACIÓN, DISTRIBUCIÓN, ETC. | |
| Lugar de publicación, distribución, etc. | San Francisco, CA, |
| Fecha de publicación, distribución, etc. | 1995. |
No hay ítems disponibles.
